[Event "ISR-chT"]
[Site "Israel"]
[Date "1997.04.02"]
[Round "8"]
[White "Har Zvi, Ronen"]
[Black "Rechlis, Gad"]
[Result "1-0"]
[WhiteElo "2505"]
[BlackElo "2525"]
[Annotator "Har Zvi,R"]
[PlyCount "45"]
[EventDate "1997.??.??"]
[EventType "team"]
[EventRounds "11"]
[EventCountry "ISR"]
[SourceTitle "CBM 059"]
[Source "ChessBase"]
[SourceDate "1997.08.01"]
[SourceVersion "1"]
[SourceVersionDate "1997.08.01"]
[SourceQuality "1"]

1. e4 d6 2. d4 Nf6 3. Nc3 g6 4. Be3 Bg7 5. Qd2 O-O (5... Ng4 6. Bg5 h6 7. Bh4
g5 (7... c6 8. h3 (8. f4 Nf6 9. O-O-O O-O 10. e5 Nd5 11. Ne4 dxe5 12. fxe5 Bf5
13. Bd3 a5 14. Ne2 Nb4 15. Rhf1 Qd5 16. Rxf5 gxf5 17. N4c3 $40 {Sveshnikov,
E-Ibragimov,I Ljubljana op 1996}) 8... Nf6 9. f4 b5 10. Bd3 b4 11. Nce2 a5 12.
Nf3 O-O 13. O-O d5 14. Bxf6 $1 $16 {Piket,J-Epishin,V Dortmund 1994 61/(111)})
8. Bg3 f5 (8... e5 $5) 9. f3 f4 $1 10. Bxf4 gxf4 11. fxg4 Bxg4 12. Be2 e5 13.
Bxg4 Qh4+ 14. Qf2 Qxg4 15. Nd5 Na6 16. dxe5 dxe5 17. Nf3 c6 18. Nc3 O-O-O $13 {
Hort,V-Timman,J Tilburg 1980 30/(169)}) (5... c6 6. Bh6 Bxh6 7. Qxh6 Qa5 8. Bd3
(8. f3 $5) (8. O-O-O $5) 8... c5 $1 9. Nge2 (9. d5 Nbd7 10. Nf3 b5 11. O-O (11.
Bxb5 Rb8) 11... c4 12. Be2 b4 13. Nd1 Qc5 $1 (13... Nxe4 14. Bxc4) 14. Ne3 c3
15. bxc3 Qxc3 16. Ng5 $2 (16. Qh4 $13) 16... Ng8 $1 17. Qh4 h6 18. Nf3 $4 (18.
e5 $8 Qxe5 19. Nf3 Qc3) 18... g5 $19 {Adams,M-Van Wely,L Debrecen 1992 56/137 
[Adams,M]}) 9... cxd4 10. Nxd4 Qb6 $1 11. O-O-O Nc6 12. Bb5 (12. Nxc6 $6 bxc6
13. Rd2 Rb8 14. Nd1 Be6 15. a3 c5 $1 16. c3 Ng4 $17 {Van der Wiel,J-Van Wely,L
Wijk ann Zee 1993 56/138 [Van Wely,L]}) 12... Bd7 13. Nd5 Nxd5 14. exd5 Nxd4
15. Qg7 Rf8 16. Bxd7+ Kxd7 17. Qxd4 Qxd4 18. Rxd4 e5 19. dxe6+ fxe6 $11 {
Rasik,V-Nijboer,F Debrecen 1992 56/(138)}) 6. O-O-O Nbd7 7. f3 e5 (7... c6 8.
e5) 8. g4 c6 9. h4 Qa5 (9... b5 10. h5 exd4 11. Bxd4 b4 12. Nb1 Qa5 13. hxg6
hxg6 14. a3 $14 {/+/- Sveeshnikov,E-Van Wely,L Biel (izt) 1993 58/147 
[Sveshnikov,E]}) (9... h5 10. g5 Ne8 11. f4) 10. h5 (10. dxe5 Nxe5 $8 (10...
dxe5 11. h5) 11. Qxd6 Be6 (11... Bxg4)) 10... exd4 11. Bxd4 Ne5 12. hxg6 (12.
Kb1) 12... fxg6 (12... hxg6 13. Kb1) 13. Bxe5 {[%tqu "En","white just took on
e5,will you recapture with the pawn or with the queen,please do not guess try
to calculate the imporatnt variations","","","a5e5","a very serious mistake
after black's position becomes very difficult maybe even losing,black can not
allow white to get the a2-g8 diagonal since as we will see,black's king is
dead!",10]} dxe5 $2 {a very serious mistake after black's position becomes
very difficult maybe even losing,black can not allow white to get the a2-g8
diagonal since as we will see,black's king is dead!} (13... Qxe5 14. Qxd6 (14.
Bc4+) 14... Qxd6 15. Rxd6 Nd7 $8) 14. Bc4+ Kh8 15. Nh3 $1 {[%cal Gh1h8,Ga2g8]
the place for knight at g5,where the open "h" file the control over the a2-f7
diagonal seems quite decisive} b5 $6 (15... Qc5 16. Bb3 Qe7 17. Ng5 h6 (17...
h5) 18. Qd6 $1) 16. Bb3 Qc7 (16... b4 17. Ng5 bxc3 18. Rxh7+ Nxh7 19. Qh2) (
16... c5 17. Ng5 c4 18. Nxh7 Nxh7 19. Qh2 (19. Rxh7+ $2 Kxh7 20. Rh1+ Kg8 21.
Qd5+ Be6 22. Qxe6+ Rf7) 19... Kg8 20. Qxh7+ Kf7 21. Rd6) 17. Ng5 h6 (17... h5
18. gxh5 gxh5 19. Rxh5+ Nxh5 20. Rh1) {[%tqu "En","something seems wrong with
black;s position it is time to prove it!","","","h1h6","",5]} 18. Rxh6+ $1 Bxh6
19. Nf7+ Rxf7 (19... Qxf7 20. Qxh6+ Qh7 21. Qxf8+) 20. Qxh6+ Nh7 (20... Rh7 21.
Qf8+) (20... Kg8 21. Rh1 $1) 21. Bxf7 Bxg4 (21... Qxf7 22. Rd8+) 22. Bxg6 Bxf3
23. Rf1 1-0

[Event "RUS-Cup4"]
[Site "Perm"]
[Date "1997.??.??"]
[Round "5"]
[White "Galkin, Alexander"]
[Black "Zakharevich, Igor"]
[Result "1/2-1/2"]
[WhiteElo "2510"]
[BlackElo "2505"]
[Annotator "Har Zvi,R"]
[PlyCount "47"]
[EventDate "1997.02.02"]
[EventType "swiss"]
[EventRounds "9"]
[EventCountry "RUS"]
[SourceTitle "CBM 058"]
[Source "ChessBase"]
[SourceDate "1997.06.01"]
[SourceVersion "1"]
[SourceVersionDate "1997.06.01"]
[SourceQuality "1"]

1. e4 d6 2. d4 Nf6 3. Nc3 g6 4. f3 Bg7 5. Be3 c6 6. Qd2 b5 7. Nge2 (7. h4 h5 (
7... Qc7 8. Bh6 Bxh6 9. Qxh6 Be6 (9... b4) 10. Nh3 Bxh3 11. Rxh3 Nbd7 12. O-O-O
Nb6 13. Kb1 O-O-O 14. Qe3 e5 15. a3 $14 {Adams,M-Wolff,P London 1990}) 8. a4 b4
9. Nd1 a5 10. Nh3 (10. Nf2 Ba6 11. Bxa6 Nxa6 12. Ne2 Nd7 13. O-O c5 14. Rad1
cxd4 15. Bxd4 Bxd4 16. Nxd4 Qb6 17. b3 $11 {Topalov,V-Gurevich,M Elenite 1994})
10... Bxh3 11. Rxh3 Nbd7 12. Nf2 O-O 13. g4 c5 $1 14. Bb5 $1 cxd4 15. Bxd4 Rc8
(15... Qc7 $5) 16. O-O-O $13 {Van der Wiel,J-Nijboer,F Nederland (ch) 1995 64/
108 [Van der Wiel,J]}) (7. g4 h5 8. gxh5 (8. g5 Nfd7 9. f4 (9. Nge2 Nb6 10. b3
N8d7 11. f4 b4 12. Nd1 c5 13. Bg2 Ba6 14. Nf2 Bxe2 15. Kxe2 cxd4 (15... O-O
$142) 16. Bxd4 Bxd4 17. Qxd4 O-O 18. Qxb4 e5 19. Qxd6 exf4 20. Qxf4 $16 {
Vogt,L-Tischbierek,R Duetschland 1994 60/(109)}) 9... Bb7 10. Bg2 Nb6 11. b3
N8d7 12. Nh3 O-O 13. f5 Re8 14. O-O e5 15. d5 $16 {Magam Badals,J-Izeta,F
Pamplona 1993}) 8... Nxh5 9. Nge2 Nd7 10. Rg1 (10. a4 $5) 10... Qc7 11. Ng3 Bb7
12. O-O-O a6 13. f4 b4 14. Nxh5 (14. Nce2 Nhf6 15. e5 Ng4) 14... Rxh5 15. Ne2
c5 $1 $36 {Beliavsky,A-Chernin,A Reggio Emilia 1995 66/85 [Beliavsky,A]}) (7.
O-O-O O-O 8. g4 Qa5 9. Kb1 Be6 10. b3 b4 11. Na4 c5 $1 12. g5 Nh5 13. dxc5 Nc6
14. Bh3 Rad8 15. Bxe6 fxe6 16. Qe1 dxc5 $36 {Yudasin,L-Anand,V Munich 1991})
7... Nbd7 8. Nf4 {I have no game in my Database with Nf4 maybe this is a
novelty} (8. g4 Nb6 9. Ng3 Qc7 10. O-O-O Bb7 11. g5 Nfd7 12. h4 O-O-O 13. h5
Rhg8 14. Qf2 b4 15. Nb1 c5 $40 {Gdanski,J-Hennigan,M Wch-U20 Santiago 1990}) (
8. Bh6 Bxh6 9. Qxh6 e5 10. Qd2 a6 11. Nd1 Bb7 12. Ne3 Qe7 13. Rd1 d5 14. exd5
Nxd5 15. Nxd5 cxd5 16. dxe5 Nxe5 $36 {[%csl Re1] Blatny,P-Piket,J Groningen
Eu-chJ}) 8... Bb7 9. Nd3 a5 (9... e5 $6 10. dxe5 Nxe5 (10... dxe5 11. a4 {
[%csl Rc5]}) 11. Nxe5 dxe5 12. Qxd8+ Kxd8 13. a4 b4 14. Na2 a5 15. Bc4) 10. Qf2
{[%cal Gf2a7]} Nb6 (10... b4 11. Na4 O-O 12. g4) 11. b3 a4 (11... b4 12. Ne2 {
when it is quite difficult for black to cintinue his play on the queen's side
since after a4 the b4 pawn is hanging}) 12. Rc1 {I am not sure I fully
understand this move since any way white is going to capture back on b3 with
his "c" pawn why he need to play Rc1 you can with the "c" pawn when the rook
is on a1 also,I think g4 immediately was an interesting move} axb3 13. cxb3 O-O
14. g4 {this is a very strange position,white has a knight on d3 which is very
rarely to this type of position,his king is still in the center,but he played
for the attack even with a king on e1!,it is a very interesting game becuase
this is quite interesting idea since with the knight on d3 it is not easy for
black the break in the center} Nbd7 $5 {black want to play e5 or c5 at one
moment,but first he must move his knight from the g1-a7 diagonal,now he also
has a Qa5 idea} 15. Bh3 {not allowing Qa5 becuase of g5} c5 16. dxc5 Nxc5 17.
Nxc5 (17. Bxc5 dxc5 18. Nxc5 Bc6 19. b4 Ne8 $5 {when I am quite sure everyone
should prefer black,since his black bishop with the open "a" file,the fact
that white's king is still in the center,and black's knight which is going to
c4 via d6 gives black fantastic chances} (19... Qd6 $5)) 17... dxc5 18. O-O (
18. Bxc5 $2 Nd7 $1 19. Be3 (19. Bd4 Ne5 {[%cal Gd8d4]} 20. Rd1 (20. Bxe5) 20...
Nxf3+ 21. Qxf3 Bxd4) 19... Ne5 20. Bf1 Nd3+ 21. Bxd3 Qxd3 $36) 18... c4 19.
Nxb5 cxb3 20. axb3 Qa5 21. Nd4 (21. Nc7 Rad8 (21... Rac8 $2 22. Rc5 $1 Qb6 (
22... Qb4 23. g5 {[%cal Gh3c8]} Nxe4 24. fxe4 Qxe4 25. Bg2) 23. Rfc1 $16) 22.
b4) 21... h5 22. gxh5 (22. g5 Nh7 23. b4 Nxg5 24. Bg2 Qa2 25. Rc2 (25. Rc7
Qxf2+ 26. Rxf2 Ra1+ 27. Rf1 Rxf1+ 28. Kxf1 Bxd4 29. Bxg5 (29. Bxd4 $2 Ba6+ $1
30. Kf2 Ne6 31. Ra7 Nxd4 32. Rxa6 Rb8 33. Ra4 Nc6 $17) 29... Rb8 30. Bxe7 Be5
$13 31. Rc1 Bxh2) 25... Qa4 26. Rc7 Bxd4 27. Bxd4 Ba6 28. Rfc1 Ne6 $13) 22...
Qxh5 23. Qg2 (23. Bg2 $5 {this lookes like a better move than in the game
since the Queen will not be tied to the defence of the "h3" bishop,black still
has compensation here,but after Qg2 white is probably not better here I think
he has some better chances ro get the advantage} Rfb8 24. Rfd1 e6 $44 {/+/=})
23... Rfd8 24. Rfd1 {at first when I have looked at this position I was sure
white must be better since he has an extra pawn,the b7 bishop is blocked by
the f3-e4 pawns,but as I continued to look at this position it became less and
less simple,since it is very difficult for white to activate his piece while
his king his quite weak and the "b3" pawn is also not to strong,for example 24.
..Ne8 25.b4 e6~~} 1/2-1/2

[Event "RUS-Cup4"]
[Site "Perm"]
[Date "1997.??.??"]
[Round "8"]
[White "Obukhov, Alexander"]
[Black "Kalegin, Evgenij"]
[Result "1-0"]
[WhiteElo "2415"]
[BlackElo "2485"]
[Annotator "Har Zvi,R"]
[PlyCount "89"]
[EventDate "1997.02.02"]
[EventType "swiss"]
[EventRounds "9"]
[EventCountry "RUS"]
[SourceTitle "CBM 058"]
[Source "ChessBase"]
[SourceDate "1997.06.01"]
[SourceVersion "1"]
[SourceVersionDate "1997.06.01"]
[SourceQuality "1"]

1. d4 Nf6 2. Nf3 g6 3. g3 Bg7 4. Bg2 O-O 5. O-O d6 6. Re1 (6. Nc3 Nbd7 7. e4 e5
8. a4 (8. dxe5) 8... a5 (8... c6 9. a5 Re8 10. Re1 Qc7 11. h3 Rb8 12. Be3 b5
13. axb6 axb6 14. d5 Bb7 15. Nd2 b5 $1 $132 {Romanishin,O-Hansen,Cu Groningen
1991}) 9. h3 b6 (9... c6 {4/143}) (9... Re8 10. Re1 exd4 11. Nxd4 Nc5 12. Bf4
Nh5 (12... Nfd7 13. Be3 Ne5 14. Qe2 Bd7 $2 (14... c6 $8) 15. f4 Nc6 16. Ndb5 $1
$16 {Yuferov,S-Riazantsev,A St.Petersburg Petrov 1996}) 13. Be3 Nf6 14. Bf4 Nh5
15. Be3 Nf6 16. f3 b6 17. Bf2 $14 {Romanishin,O-Knaak,R Bad Lauterberg 1991})
10. Re1 Bb7 11. d5 Nc5 12. Nh2 Ne8 13. f4 f5 14. exf5 gxf5 15. Nf3 e4 16. Nd4
Qf6 17. Ndb5 Qg6 $1 $36 {Romanishin,O-Van Wely,L Taastrup 1992 54/115 [Van
Wely,L]}) 6... Nbd7 7. e4 e5 8. Nc3 a6 9. a4 b6 10. dxe5 (10. Be3 Bb7 11. dxe5
dxe5 12. Nd2 Rb8 13. Qe2 Qc8 14. f3 Ba8 15. Bf1 a5 16. Qa6 $14 {Drazic,
S-Ilincic,Z JUG-ch Podgorica 1996}) 10... dxe5 11. b3 Bb7 12. Ba3 Re8 13. Qe2
Bf8 14. Bb2 (14. Bxf8 Kxf8 15. Qc4 c6 16. Rad1 Qe7 17. Bh3 Kg7 18. Qd3 Nc5 19.
Qd6 Qxd6 20. Rxd6 b5 21. Nd2 Rad8 22. Rxd8 Rxd8 23. Nf3 Re8 24. Nd2 Rd8 {
1/2-1/2 Delchev,A-Dimitrov,V BUL-ch 1995}) 14... c6 (14... Nc5 15. Rad1 Qe7)
15. Red1 Qc7 16. Nb1 $1 {the knight has no future on the c3 square it has no
good square to go,it blocks the a1-h8 diagonal for the b2 bishop,on d2 it will
be places well.this idea is very similar to the brayer variation in the
Ray-Lopes opening which goes 1.e4 e5 2.Nf3 Nc6 3.Bb5 a6 4.Ba4 Nf6 5.0-0 Be7 6.
Re1 b5 7.Bb3 d6 8.h3 0-0 9.c3 and now Nb8 with Nbd7 and Bb7....} b5 17. Nbd2
Bc5 18. Ne1 Bd4 19. c3 Ba7 20. Nd3 Nc5 (20... c5 21. axb5 axb5 22. c4 {[%csl
Ra7]}) 21. Nxc5 Bxc5 22. b4 Ba7 (22... Bf8) 23. c4 c5 (23... bxa4 24. Rxa4 c5 (
24... Bd4 25. Bxd4 exd4 26. c5 $1 {[%cal Gd2c4,Gc4d6]} (26. Nb3 Nxe4 $1 27.
Bxe4 Rxe4 $3 28. Qxe4 c5 29. Qxb7 (29. Qe2 Qc6 {[%cal Gc6g2,Gc6a4]}) 29... Qxb7
30. Nxc5)) 25. b5) 24. axb5 axb5 25. cxb5 cxb4 26. Nc4 Bd4 (26... Bc5 $2 27.
Bxe5 Rxe5 (27... Qe7 28. Bd6) 28. Rxa8+ Bxa8 29. Nxe5 Qxe5 30. Rd8+ Kg7 31.
Rxa8 b3 32. Rd8 $16 Bd4 33. Qd1 $1) (26... Qc5 27. Nd6 Re7 28. Rac1 Qb6 29.
Nxb7 Qxb7 30. Rc6 $1 $16) 27. Rxa8 Rxa8 (27... Bxa8 28. Bxd4 exd4 29. Rxd4 b3
30. b6 Qc5 31. Qd3 $16) 28. Bxd4 exd4 29. Rxd4 Ra1+ 30. Bf1 (30. Rd1 $4 Rxd1+
31. Qxd1 Qxc4) 30... b3 31. Qb2 $6 {not a mistake yet,but not the a good move
any way,there was a much better move probably deciding the game immediately,as
we will see after 31.e5 it seems black has no real defence} (31. e5 $1 Nd5 (
31... Ne4 32. Rxe4 Bxe4 33. Qxe4 Qxc4 34. Qxc4 b2 35. e6 b1=Q 36. e7 $18 Qe1
37. Qc8+ Kg7 38. Qf8+ $1 (38. e8=N+ $6 Kf8 39. Nc7+ (39. Nd6+ Ke7 40. Qc7+ Ke6
{[%csl Rd6,Rf1]}) 39... Kg7 40. Qh3) 38... Kf6 39. e8=N+) (31... Nd7 32. e6 Nf6
33. e7 (33. Nd6 $5) 33... Ra8 34. Nd6 $18) (31... Ne8 32. e6) 32. Qb2 Ra4 33.
Qxb3 Rb4 34. Qd3 Qc5 (34... Rxb5 35. Ne3 $1 $18 {[%csl Rb5,Rd5]}) 35. Bg2 $18)
31... Re1 32. Qxb3 $6 {as normal in everything in life after first mistake or
incorrect comes another one,now white throwes his advantage,he could still
play b6 with an advantage but now he has nothing} (32. b6 Qc6 (32... Qc5 33.
Rd8+ Kg7 34. Nd6 Qc1 35. Ne8+ Kh6 36. Qxf6 Rxf1+ 37. Kg2 Rxf2+ (37... Bxe4+ 38.
Kh3 Bf5+ 39. g4 $18 {but just believe me do not try Kh4???} (39. Kh4 $4 Qc4+
40. Rd4 Qxd4+ 41. Qxd4 g5# {well.....})) 38. Kxf2 Qc2+ 39. Kg1 Qc1+ 40. Kg2
Bxe4+ 41. Kf2 $18) (32... Qe7 33. Nd2 $141 {just one defending move} Nxe4 34.
Nf3 {[%csl Re1]} Rxf1+ 35. Kxf1 Qf6 36. Qxb3 Qxd4 37. Nxd4 Nd2+ 38. Ke1 Nxb3
39. Nxb3 {[%csl Gb6][%cal Gb3c5]}) 33. Rd8+ Kg7 34. Nd6 Rxe4 (34... Ba6 35.
Ne8+ Kh6 36. Qd2+) 35. Nxb7 Qxb7 36. Qxb3 $141 $16 Re6 $6 37. Qb4 {[%cal Gb4f8]
}) 32... Nxe4 33. Qd3 {[%tqu "En","black has a way to force a draw a very nice
variation,black's king is going out,white will have to give his queen for one
but a peacefull end for both sides do you see this force! variation","","",
"e4g5","",5]} Qc5 $5 (33... Ng5 $5 34. Rd8+ Kg7 35. Qd4+ Kh6 $1 (35... f6 $2
36. Rd7+ Re7 (36... Kh6 $4 37. Qh4#) (36... Kg8 37. f3 $3 {white wants to win
of course} (37. Rd8+ Kg7 38. Rd7+ $11) 37... Nxf3+ 38. Kf2 Nxd4 39. Rxc7 $18)
37. Rxe7+ Qxe7 38. Nd2 $16 {/+-}) 36. Qh4+ Kg7 37. Qxg5 Qxc4 38. Qe5+ {all the
moves in this variation are fored} Rxe5 39. Bxc4 Re1+ 40. Bf1 Bf3 41. Rd2 Rb1
$11 {with a draw since white can free himself,a nice line}) 34. Na5 (34. Ne3
Ng5 35. Rd8+ Kg7 36. Nd5) 34... Bd5 35. Nb3 Qb6 $6 (35... Qa7 $3 {[%cal Ga7a2]
I really like this move very much,first there is now a strong threat of Qa2
and secondly,now white gets probably a worse position after Nd2 rather than a
better as he got in the game since the queen is on a7 not b6 and after Nc4 the
queen will not be threatened as it was in the game} 36. Na5 (36. Nd2 Rd1 37.
Rxe4 Bxe4 38. Qe2 Bc2 39. Nc4 Bb3 {and white should fight to make a draw here})
36... h6 $44) 36. Nd2 Rd1 37. Rxe4 Bxe4 38. Qe2 Bc2 39. Nc4 Qxb5 40. Qxc2 Qb1
$1 {it is in black's interst to change the queens,since with having two minor
pieces black's king is much weaker than white's one} 41. Qxb1 Rxb1 42. g4 $1 f6
43. h4 Kg7 44. Kg2 Ra1 45. Ne3 {for me this is much more than very strange,do
you think black should resign in this position?? first I think the position
should be a draw,it is true white is better but I believe black can save the
game,and secondly even and I say I am not sure if it is a very difficult
endgame maybe a losing would you resign in this position,I suspect maybe there
were more moves which have not been writen or that maybe..... a draw was
agreed since to me this is more normal than resign??????} 1-0